MOLECULAR DIAGNOSTICS (Record no. 4552)

MARC details
000 -LEADER
fixed length control field 00444nam a22001697a 4500
008 - FIXED-LENGTH DATA ELEMENTS--GENERAL INFORMATION
fixed length control field 260219b |||||||| |||| 00| 0 eng d
020 ## - INTERNATIONAL STANDARD BOOK NUMBER
ISBN 9780803668294
100 ## - MAIN ENTRY--AUTHOR
Author BUCKINGGHAM, LELA
245 ## - TITLE STATEMENT
Title MOLECULAR DIAGNOSTICS
250 ## - EDITION STATEMENT
Edition statement 3RD
260 ## - PUBLICATION, DISTRIBUTION, ETC. (IMPRINT)
Place of publication PHILADELPHIA
Name of publisher FA DAVIS COMPANY
Date of publication 2019
300 ## - COLLATION
Pagination XVI, 560p.
Other physical details illus
650 ## - TRACINGS
Main Subject MOLECULAR DIAGNOSTIC
Subdivision (1st) NUCLEIC ACIDS
942 ## - ADDED ENTRY ELEMENTS (KOHA)
Item type Books
050 ## - LIBRARY OF CONGRESS CALL NUMBER
Item number RB43.7
Classification number .B83
Holdings
Source of classification or shelving scheme Not for loan Permanent location Current location Date acquired Accession No. Full call number Barcode. Copy number Koha item type
Library of Congress Classification   Samuel Ogbemudia Main Library, University of Abuja Samuel Ogbemudia Main Library, University of Abuja 02/19/2026 2025/69016 RB43.7 .B83 2026-0041 1 Books